000 01043nas a2200337 4500
001 BR0504153
003 BR-BrBNA
005 20231205105539.0
007 ta
008 230509b bl.|||p| |||| 00| 00por d
040 _aBR-BrBNA
_bpor
_cBiblioteca Nacional de Agricultura
041 _a(Pt)
072 _aF02
100 1 _aBastos, D.C.
100 1 _aPio, R.
100 1 _aScarpare Filho, J.A.
100 1 _aLibardi, M.N.
100 1 _aAlmeida, L.F.P. de
100 1 _aEntelmann, F.A.
245 1 _aEnraizamento de estacas lenhosas e herbáceas de cultivares de caquizeiro com diferentes concentrações de ácido indolbutírico
650 _aCAQUI
650 _aÁCIDO INDOLBUTÍRICO
650 _aENRAIZAMENTO DE ESTACA
650 _aPROPAGAÇÃO VEGETATIVA
650 _aVARIEDADE
650 _aRAIZ
650 _aBROTAÇÃO
773 0 _tRevista Brasileira de Fruticultura (Brazil)
_xISSN 0100-2945
_g(Apr 2005), v. 27(1) p. 182-184
_wBR0504153
909 _a202311
_bLúcia
_c55
_dLúcia Elande
942 _2AGRIS
_n0
_cANA
999 _c183494
_d183494